000 00502cam a2200181 a 4500
020 _a9748496244 :
040 _cDLC
082 _a633 WHI 1994 C150 Or
100 1 _aTanabe, Shigeharu.
245 1 0 _aEcology and practical technology :
_bpeasant farming systems in Thailand /
260 _aBangkok ;
_aCheney :
_bWhite Lotus,
_c1994.
300 _axx, 300 p. :
_bill., maps ;
_c24 cm.
650 0 _aRice
650 0 _aAgriculture
650 0 _aPeasants
650 0 _aHuman ecology
942 _cAEDBB
999 _c18661
_d18661